Quản lý chất lượng

Trình bày những nền tảng về chất lượng, chi phí chất lượng, kiểm soát quá trình thống kê, kiểm tra và đánh giá chất lượng,...

Gardado en:
Detalles Bibliográficos
Autor Principal: Bùi, Nguyên Hùng
Formato: Libro
Idioma:Undetermined
Publicado: Thành phố Hồ Chí Minh Nxb. Đại học Quốc gia Tp. Hồ Chí Minh 2016
Những chủ đề:
Các nhãn: Engadir etiqueta
Sen Etiquetas, Sexa o primeiro en etiquetar este rexistro!
Thư viện lưu trữ: Trung tâm Học liệu Trường Đại học Cần Thơ
LEADER 00938nam a2200229Ia 4500
001 CTU_102504
008 210402s9999 xx 000 0 und d
020 |c 50000 
082 |a 658.562 
082 |b H513 
100 |a Bùi, Nguyên Hùng 
245 0 |a Quản lý chất lượng 
245 0 |c Bùi Nguyên Hùng, Nguyễn Thúy Quỳnh Loan 
260 |a Thành phố Hồ Chí Minh 
260 |b Nxb. Đại học Quốc gia Tp. Hồ Chí Minh 
260 |c 2016 
520 |a Trình bày những nền tảng về chất lượng, chi phí chất lượng, kiểm soát quá trình thống kê, kiểm tra và đánh giá chất lượng,... 
526 |a Kiểm soát chất lượng 
526 |b CN210 
650 |a Quality control,Kiểm soát chất lượng 
904 |i Hiếu 
980 |a Trung tâm Học liệu Trường Đại học Cần Thơ